[Event "Penang op-B 6th"]
[Site "Penang"]
[Date "2014.12.10"]
[Round "4"]
[White "Noor Akbar, Muhd Aziz Farhan"]
[Black "Lee, Zhi Wei"]
[Result "1-0"]
[WhiteElo "1825"]
[BlackElo "1557"]
[PlyCount "73"]
[EventDate "2014.12.08"]
[EventType "swiss"]
[EventRounds "9"]
[EventCountry "MAS"]
[SourceTitle "EXT 2016"]
[Source "ChessBase"]
[SourceDate "2015.10.08"]
[SourceVersion "1"]
[SourceVersionDate "2015.10.08"]
[SourceQuality "1"]

1. d4 d5 2. c4 e6 3. Nf3 Nf6 4. g3 Be7 5. Bg2 0-0 6. 0-0 dxc4 7. Qa4 Bd7 8. Qxc4 Bc6 9. Nc3 Nbd7 10. Rd1 Nb6 11. Qd3 Bxf3 12. Bxf3 c6 13. a3 Qd7 14. e4 Rfd8 15. Qe2 Qe8 16. Bf4 Rd7 17. Rac1 h6 18. Be3 Bd8 19. Bg2 Bc7 20. f4 h5 21. h3 Qe7 22. e5 Nfd5 23. Nxd5 Nxd5 24. Bxd5 Rxd5 25. Qxh5 Bb6 26. Rc4 Rad8 27. b4 Qd7 28. Rd2 Qc7 29. Kg2 a6 30. Qd1 Ba7 31. Qc2 R8d7 32. Kf3 g6 33. g4 Kg7 34. f5 b5 35. f6+ Kh7 36. Qe4 Rd8 37. Qf4 1-0

[Event "Penang op-B 6th"]
[Site "Penang"]
[Date "2014.12.09"]
[Round "3"]
[White "Chua, Jia Tien"]
[Black "Noor Akbar, Muhd Aziz Farhan"]
[Result "0-1"]
[WhiteElo "1384"]
[BlackElo "1825"]
[PlyCount "88"]
[EventDate "2014.12.08"]
[EventType "swiss"]
[EventRounds "9"]
[EventCountry "MAS"]
[SourceTitle "EXT 2016"]
[Source "ChessBase"]
[SourceDate "2015.10.08"]
[SourceVersion "1"]
[SourceVersionDate "2015.10.08"]
[SourceQuality "1"]

1. e4 c5 2. c3 g6 3. Nf3 Bg7 4. Be2 d6 5. 0-0 Nf6 6. h3 0-0 7. d3 Nbd7 8. Re1 b5 9. Bf1 Bb7 10. Nbd2 a6 11. b3 Nb6 12. Bb2 Nfd7 13. d4 Qc7 14. Rc1 c4 15. Ba3 Rfe8 16. Qe2 a5 17. bxc4 bxc4 18. Qe3 e5 19. dxe5 dxe5 20. Red1 Rad8 21. Rb1 Ba6 22. Be2 Na4 23. Nf1 Ndc5 24. Bxc5 Nxc5 25. Ne1 Bf8 26. Nd2 Na4 27. Nc2 Rd7 28. Bg4 Rd6 29. Qe1 Nxc3 30. Rb2 Nxd1 31. Qxd1 c3 32. Rb3 Rxd2 33. Qc1 a4 34. Rb1 Bd3 35. Bd1 Qc5 36. Ne3 Bxb1 37. Qxb1 Red8 38. Bxa4 Qb4 39. Qxb4 Bxb4 40. Kh2 Rxa2 41. Bb3 Rxf2 42. Kg3 Rdd2 43. Nd1 Rxg2+ 44. Kh4 Be7# 0-1